000 00653nam a22002417a 4500
999 _c42903
_d42903
001 13975
003 CO-MdFUSB
005 20180622073150.0
008 180420s1991 sz ||||| |||| 00| 0 spa d
020 _a2-88208-055-7
040 _aCO-MdFUSB
_bspa
_cCO-MdFUSB
_dCO-MdFUSBC
_erda
041 0 _aspa
_hfre
082 0 4 _aG 227.97 R833j
100 1 _aRossier, H.
_eautor
245 0 _aEstudios sobre la epístola de Judas
_c/ H. Rossier
250 _a3
264 4 _aSuiza :
_bPerroy,
_c©1991
300 _a31 Pág.
336 _2rdacontent
_atexto
_btxt
337 _2rdamedia
_asin mediación
_bn
338 _2rdacarrier
_avolumen
_bnc
942 _cBK